[Event "Berlin-ch Seniors op 27th"]
[Site "Berlin"]
[Date "2011.02.02"]
[Round "5"]
[White "Meinicke, Kurt"]
[Black "Kos, Ivan"]
[Result "0-1"]
[WhiteElo "1269"]
[BlackElo "1523"]
[PlyCount "78"]
[EventDate "2011.01.29"]
[EventType "swiss"]
[EventRounds "9"]
[EventCountry "GER"]
[SourceTitle "EXT 2012"]
[Source "ChessBase"]
[SourceDate "2011.11.24"]
[SourceVersion "1"]
[SourceVersionDate "2011.11.24"]
[SourceQuality "1"]

1. d4 Nf6 2. c4 d5 3. cxd5 Nxd5 4. e4 Nf6 5. Bf4 Nxe4 6. Bd3 Nf6 7. Nf3 c6 8. 0-0 Nbd7 9. Qc2 e6 10. Nbd2 Nd5 11. Bg5 N7f6 12. Bxf6 Qxf6 13. Ne4 Qd8 14. Neg5 Nb4 15. Qe2 Nxd3 16. Qxd3 h6 17. Ne4 Be7 18. Rad1 a6 19. Ne5 0-0 20. f4 g6 21. Rf3 Kg7 22. Rh3 Rh8 23. Qg3 c5 24. Rh5 Qd5 25. Nc3 Qd8 26. Rd3 cxd4 27. Qg4 Qb6 28. Nd1 Bf6 29. h4 Qa7 30. Nxg6 fxg6 31. Rg3 Kf7 32. Qxg6+ Ke7 33. Rxh6 Rxh6 34. Qxh6 Bd7 35. Qh7+ Kd6 36. Qf7 Be7 37. Rg7 Re8 38. Kh2 b5 39. h5 Bc6 0-1

[Event "Berlin-ch Seniors op 27th"]
[Site "Berlin"]
[Date "2011.01.30"]
[Round "2"]
[White "Krempelsetzer, Klaus"]
[Black "Kos, Ivan"]
[Result "0-1"]
[WhiteElo "1734"]
[BlackElo "1523"]
[PlyCount "84"]
[EventDate "2011.01.29"]
[EventType "swiss"]
[EventRounds "9"]
[EventCountry "GER"]
[SourceTitle "EXT 2012"]
[Source "ChessBase"]
[SourceDate "2011.11.24"]
[SourceVersion "1"]
[SourceVersionDate "2011.11.24"]
[SourceQuality "1"]

1. Nf3 d6 2. d4 Nf6 3. g3 c5 4. dxc5 Qa5+ 5. Bd2 Qxc5 6. Bg2 e5 7. c3 Qc7 8. 0-0 Nc6 9. Bg5 Be7 10. Bxf6 gxf6 11. e4 Be6 12. Qc2 Rd8 13. Nh4 0-0 14. Nd2 Kh8 15. Kh1 Rg8 16. f4 b6 17. f5 Bc8 18. Qb3 Rdf8 19. Rf2 Rg7 20. Nc4 Rfg8 21. Rd1 Ba6 22. Ne3 Na5 23. Nd5 Qb7 24. Qa4 Bd8 25. Qc2 Bc4 26. b3 Bxd5 27. Rxd5 Qe7 28. Rfd2 Bc7 29. Bf1 Qf8 30. Bb5 Rg4 31. Rg2 Qh6 32. Rdd2 Nb7 33. Bc6 Nd8 34. Bd5 Qe3 35. Rde2 Qh6 36. Qd3 b5 37. c4 Bb6 38. h3 Qc1+ 39. Kh2 Rxh4 40. gxh4 Bg1+ 41. Kh1 Be3+ 42. Kh2 Bf4+ 0-1

[Event "Berlin-ch Seniors op 24th"]
[Site "Berlin"]
[Date "2008.02.23"]
[Round "3"]
[White "Schulz, Manfred"]
[Black "Kos, Ivan"]
[Result "1/2-1/2"]
[WhiteElo "1552"]
[BlackElo "1403"]
[PlyCount "166"]
[EventDate "2008.02.21"]
[EventType "swiss"]
[EventRounds "9"]
[EventCountry "GER"]
[SourceTitle "EXT 2022"]
[Source "ChessBase"]
[SourceDate "2021.10.06"]
[SourceVersion "1"]
[SourceVersionDate "2021.10.06"]
[SourceQuality "1"]

1. d4 d5 2. Nf3 Nf6 3. e3 e6 4. Bd3 b6 5. Qe2 Bb7 6. b3 Nbd7 7. Bb2 Be7 8. Nbd2 0-0 9. 0-0 c5 10. c4 Rc8 11. Rac1 h6 12. Rfe1 Re8 13. Ne5 Nxe5 14. dxe5 Nd7 15. Nf3 Nf8 16. Red1 Qc7 17. b4 Qb8 18. bxc5 Bxc5 19. cxd5 Bxd5 20. Bb5 Red8 21. a4 Qa8 22. Ba6 Bb7 23. Bxb7 Qxb7 24. Nd4 Qe7 25. Nb5 Rxd1+ 26. Rxd1 Ra8 27. Qf3 Re8 28. Rd3 a6 29. Nc3 Ng6 30. Ne4 Bb4 31. Qd1 Rf8 32. Rd7 Qh4 33. Ng3 a5 34. Bd4 Rb8 35. Qc2 Rd8 36. Rxd8+ Qxd8 37. Qc6 Bc5 38. Bxc5 Qd1+ 39. Nf1 bxc5 40. Qb5 Nf8 41. Qxa5 c4 42. Qb4 Qd3 43. a5 c3 44. a6 c2 45. Qb2 Qd1 46. a7 Qb1 47. Qxb1 cxb1Q 48. a8Q Qd1 49. g3 g6 50. Kg2 Kg7 51. Qf3 Qd7 52. g4 Nh7 53. h4 f5 54. exf6+ Nxf6 55. Nh2 e5 56. g5 Nh5 57. gxh6+ Kxh6 58. Ng4+ Kg7 59. Nxe5 Qf5 60. Qxf5 gxf5 61. Kf3 Kf6 62. Nd3 Ng7 63. e4 fxe4+ 64. Kxe4 Nf5 65. h5 Ne7 66. Nf4 Kg5 67. Ke5 Ng8 68. f3 Kh6 69. Ke6 Kg7 70. Kf5 Nh6+ 71. Kg5 Nf7+ 72. Kh4 Kf6 73. Nh3 Nh6 74. Kg3 Nf5+ 75. Kf4 Nd4 76. Ke4 Ne6 77. f4 Kg7 78. Ke5 Nf8 79. f5 Nh7 80. Nf4 Kf7 81. h6 Nf6 82. Ng6 Ng4+ 83. Kf4 Nxh6 1/2-1/2